| 000 | 01238cam a22003857a 4500 | ||
|---|---|---|---|
| 003 | CHAP | ||
| 005 | 20240522143042.0 | ||
| 008 | 090825s2007 it ab rn 00010 fre d | ||
| 010 | _a96618 | ||
| 011 | _a97590 | ||
| 020 | _a9789252057505 | ||
| 035 | _a108259 | ||
| 040 | _cCHAP | ||
| 082 | 0 | 4 |
_a630 _bF32f v.38 |
| 110 | 2 | _aFAO | |
| 245 | 1 | 3 |
_aLa situation mondiale de l'alimentation et de l'agriculture, 2007 _c/par FAO |
| 260 |
_aRome : _bFAO, _c2007 |
||
| 300 |
_axv, 240 p. : _bilus., mapas, tablas, gráfs., + 1 Mini CD |
||
| 490 | 0 |
_aAgricultura _v; 38 |
|
| 500 | _aEl contenido del Mini CD se encuentra en cinco idiomas. | ||
| 590 |
_aBATCH-UPD _b10 _c20130110 |
||
| 590 |
_aBATCH-UPD _b10 _c20130410 |
||
| 590 |
_aBATCH-UPD _b10 _c20130914 |
||
| 590 |
_aCONVERSION _b10 _c20130109 |
||
| 650 | 1 | 4 |
_aAgricultura _xEstadisticas. _91417 |
| 650 | 1 | 4 |
_aAlimentos _xAbastecimiento. |
| 650 | 1 | 4 |
_aCambios climáticos. _917792 |
| 650 | 1 | 4 |
_aEcosistema. _935290 |
| 650 | 1 | 4 |
_aPolítica agrícola. _990283 |
| 650 | 1 | 4 |
_aProductos agrícolas _xMercadeo. _991951 |
| 830 | 0 |
_aAgricultura _v; 38 _91173 |
|
| 901 | _aBK | ||
| 942 |
_cLIBRO _2ddc |
||
| 949 |
_a630 F32f v.38 _bBC _cFAO _d33724002087934 _eFAO1 _gDonaciØn _h110860 _i108259 _sb |
||
| 999 |
_c96618 _d96618 |
||